Chargement en cours...

Soil fertility and fertilizers

Détails bibliographiques
Auteur principal: Nelson, Werner L
Autres auteurs: Tisdale, Samuel L
Format: Printed Book
Langue:Undetermined
English
Publié: U S A Mac Millan Company 1965
Sujets:
LEADER 00539nam a2200169Ia 4500
008 140306s9999 xx 000 0 und d
041 |a eng 
082 |a 631.8  |b TIS 
100 |a Nelson, Werner L 
245 |a Soil fertility and fertilizers 
260 |a U S A  |b Mac Millan Company  |c 1965 
300 |a 430 
650 |a Soil fertilizers 
700 |a Tisdale, Samuel L 
942 |2 ddc  |c BK 
999 |c 50908  |d 50908 
952 |0 0  |1 0  |2 ddc  |4 0  |6 631_800000000000000_TIS  |7 0  |9 67229  |a KAUACV  |b KAUACV  |d 2004-05-03  |o 631.8 TIS  |p KAU_ACV-5513  |r 2014-03-22  |w 2014-03-22  |y BK